Plus grandes villes du monde par lettre - S - Statistiques

Statistiques générales
  • Ce quiz a été pris 458 fois
  • Le résultat moyen est 10 sur 20
Statistiques - réponses
Pays Population Ville % Correct
Corée du Sud 26.001 Mio Séoul
97%
Brésil 36.318 Mio São Paulo
96%
Singapour 8.081 Mio Singapour
92%
Chine 24.871 Mio Shanghai
90%
Australie 5.367 Mio Sydney
89%
Russie 6.290 Mio Saint-Pétersbourg
83%
États-Unis 9.666 Mio San Francisco - San José
81%
Chili 8.311 Mio Santiago
81%
États-Unis 4.904 Mio Seattle
62%
Rép. dominicaine 4.264 Mio Saint-Domingue
60%
États-Unis / Mexique 5.320 Mio San Diego - Tijuana
57%
Chine 12.357 Mio Shenzhen
42%
Indonésie 13.319 Mio Surabaya
26%
Chine 8.294 Mio Shenyang
13%
Inde 6.635 Mio Surate
12%
Chine 10.722 Mio Suzhou
11%
Chine 14.252 Mio Shantou
9%
Indonésie 7.243 Mio Semarang
7%
Indonésie 5.985 Mio Surakarta
5%
Chine 4.304 Mio Shijiazhuang
4%
Aucun quiz correspondant
Distribution des résultats
% des personnes avec chaque résultat
Percentile par nombre de réponses
Votre historique - résultats
Vous n’avez pas pris ce quiz